Colonial art in México

Saved in:
Bibliographic Details
Main Author: Toussaint, Manuel (Author)
Format: Book
Language:English
Published: Londres University of Texas 1967
Subjects:
Tags: Add Tag
No Tags, Be the first to tag this record!

MARC

LEADER 00000nam a2200000 a 4500
001 UCV9678
003 CL-VaPUC
008 930312e19670000UK |||||||||||||||||eng|d
082 0 4 |a 709.72  |b TOU  |2 21 
100 0 |a Toussaint, Manuel  |e author  |9 303697 
245 1 0 |a Colonial art in México 
300 |a 493 p 
942 |c BK 
945 |d 19930312 00:00:00 
260 |a Londres  |b University of Texas  |c 1967 
650 0 |a Arte colonial   |9 254857 
651 0 |a México  |9 255269 
583 |a last modification  |c 19930312 00:00:00  |k Rodrigo Vera 
999 |c 214980  |d 214978 
952 |0 0  |1 0  |4 0  |6 709_720000000000000_TOU_1967  |7 0  |8 F  |9 198854  |a BIBARQ  |b BIBARQ  |d 2019-11-14  |i 2662302  |o 709.72 TOU 1967  |p 2662302  |r 2025-01-20  |w 2019-11-14  |y BK_F  |k ARQ